| 000 | 00903nam a2200241 a 4500 | ||
|---|---|---|---|
| 001 | 83815 | ||
| 003 | BD-RjUL | ||
| 005 | 20240526102359.0 | ||
| 008 | 240526s1989 bg a|||| m||| 00| 0 eng d | ||
| 035 | _a(BD-RjUL)83815 | ||
| 040 |
_aBD-RjUL _beng _cBD-RjUL _dBD-RjUL |
||
| 041 | _aeng | ||
| 082 |
_223 _a595.774 _b1989 |
||
| 100 |
_aAli, Ismat Ara _913123 |
||
| 245 | 1 | 0 |
_aEffects of Actinomycin-d and Caffeine Alkylating Agents Induced Mutations in Drosophila Melanogaster / _cBy Ismat Ara Ali ; _6Supervisor : M. Altaf Hossain |
| 260 |
_aRajshahi : _bDeaprtment of Zoology, University of Rajshahi, _c1989 |
||
| 300 |
_a[5], 355 Leaves : _bill, ; _c29 cm. |
||
| 502 | _aThesis (Ph. D.) -- Deaprtment of Zoology, University of Rajshahi, 1989 | ||
| 504 | _aLiterature Cited : Leaves 259-307 | ||
| 650 |
_aArthropoda _vActinomycin _913162 |
||
| 700 | _aHossain, M. Altaf, Supervisor | ||
| 942 |
_2ddc _cTHE |
||
| 999 |
_c83815 _d83815 |
||